Andanzas y malandanzas
Saved in:
| Main Author: | |
|---|---|
| Format: | Book |
| Language: | Undetermined |
| Published: |
San Salvador, El Salvador
Departamento de Publicaciones, Ministerio de Cultura
1955
|
| Subjects: | |
| Tags: |
Add Tag
No Tags, Be the first to tag this record!
|
MARC
| LEADER | 00000nam a2200000Ia 4500 | ||
|---|---|---|---|
| 008 | 170316s9999 xx 000 0 und d | ||
| 040 | |a cru BVZT | ||
| 090 | |a 860 R-12a | ||
| 100 | |a Rivas Bonilla, Alberto | ||
| 245 | |a Andanzas y malandanzas | ||
| 260 | |a San Salvador, El Salvador | ||
| 260 | |b Departamento de Publicaciones, Ministerio de Cultura | ||
| 260 | |c 1955 | ||
| 300 | |a [s.páginas] | ||
| 650 | |a LITERATURA LATINOAMERICANA | ||
| 999 | |c 9125 |d 9125 | ||
| 942 | |c 15 D |h 860 R-12a |2 z | ||
